[Event "Montcalm op 3 2017-18"]
[Site "Quebec CAN"]
[Date "2017.11.23"]
[Round "2"]
[White "Garcia-Casillas, Carlos"]
[Black "Dumont, Eric"]
[Result "0-1"]
[WhiteElo "1802"]
[BlackElo "1677"]
[WhiteFideId "-1"]
[WhiteFideId "-1"]
[PlyCount "108"]
[GameId "2160767908300685"]
[EventDate "2017.11.16"]
[EventType "swiss"]
[EventRounds "5"]
[EventCountry "CAN"]
[SourceTitle "EXT 2022"]
[Source "ChessBase"]
[SourceDate "2021.10.06"]
[SourceVersion "1"]
[SourceVersionDate "2021.10.06"]
[SourceQuality "1"]

1. e4 c6 2. d3 d5 3. Nd2 e5 4. Ngf3 Bd6 5. g3 Nf6 6. Bg2 Be6 7. O-O Nbd7 8. Ng5 Bg4 9. f3 Bc5+ 10. Kh1 Bh5 11. Nh3 Qb6 12. g4 Bg6 13. Nb3 Be3 14. Bxe3 Qxe3 15. f4 h5 16. Re1 Qb6 17. g5 Ng4 18. Qf3 d4 19. f5 Bh7 20. Re2 O-O-O 21. a4 a5 22. Nf2 f6 23. g6 Bg8 24. Nxg4 hxg4 25. Qxg4 Bxb3 26. cxb3 Qxb3 27. Rd2 Nc5 28. Ra3 Qb4 29. Qd1 Rh6 30. Bf1 Rdh8 31. Kg1 Rh5 32. Rg2 Rxh2 33. Rxh2 Rxh2 34. Kxh2 Qxb2+ 35. Qe2 Qxa3 36. Qh5 Qa2+ 37. Kg3 Qg8 38. Qd1 Qb3 39. Qh5 Qg8 40. Qd1 Kc7 41. Qc2 b6 42. Qh2 Nxa4 43. Qh7 Qf8 44. Be2 Nc5 45. Kf3 a4 46. Qh1 b5 47. Qc1 b4 48. Qa1 Qh8 49. Bf1 Qh1+ 50. Kf2 Qh2+ 51. Bg2 Qf4+ 52. Bf3 Qe3+ 53. Kg3 Qxd3 54. Qh1 Nxe4+ 0-1

[Event "Montcalm op 3 2017-18"]
[Site "Quebec CAN"]
[Date "2017.11.23"]
[Round "2"]
[White "Pare, Marc"]
[Black "Cournoyer, Dominic"]
[Result "0-1"]
[WhiteElo "1997"]
[BlackElo "1902"]
[WhiteFideId "-1"]
[WhiteFideId "-1"]
[PlyCount "92"]
[GameId "2160767908300686"]
[EventDate "2017.11.16"]
[EventType "swiss"]
[EventRounds "5"]
[EventCountry "CAN"]
[SourceTitle "EXT 2022"]
[Source "ChessBase"]
[SourceDate "2021.10.06"]
[SourceVersion "1"]
[SourceVersionDate "2021.10.06"]
[SourceQuality "1"]

1. b3 Nf6 2. Bb2 d5 3. e3 g6 4. f4 Bg7 5. Nf3 O-O 6. Be2 Bg4 7. Ne5 Bxe2 8. Qxe2 Nbd7 9. d3 c5 10. Nd2 Qc7 11. O-O e6 12. c4 Nxe5 13. Bxe5 Qd7 14. Rad1 Nh5 15. Nf3 Rad8 16. g4 Nf6 17. g5 Nh5 18. Bxg7 Kxg7 19. Ne5 Qe7 20. Ng4 f6 21. gxf6+ Nxf6 22. Ne5 Nd7 23. Nxd7 Rxd7 24. e4 d4 25. e5 Qh4 26. Qf2 Qg4+ 27. Qg3 Qf5 28. Rf3 Rdf7 29. Rdf1 Kh8 30. Kh1 Qh5 31. Qg2 g5 32. Rg1 Rxf4 33. Rh3 Qf7 34. Qxg5 Rg8 35. Qxg8+ Qxg8 36. Rxg8+ Kxg8 37. Rg3+ Kf7 38. Kg2 Rf5 39. Rf3 Kg6 40. Rg3+ Rg5 41. Kf3 Rxg3+ 42. hxg3 Kf5 43. g4+ Kxe5 44. Kg3 Kf6 45. Kf4 e5+ 46. Ke4 Kg5 0-1

[Event "Montcalm op 3 2017-18"]
[Site "Quebec CAN"]
[Date "2017.11.30"]
[Round "3"]
[White "Dube, Dominic"]
[Black "Gagnon, Stephane"]
[Result "1-0"]
[WhiteElo "1832"]
[BlackElo "1606"]
[WhiteFideId "-1"]
[WhiteFideId "-1"]
[PlyCount "95"]
[GameId "2160767908300688"]
[EventDate "2017.11.16"]
[EventType "swiss"]
[EventRounds "5"]
[EventCountry "CAN"]
[SourceTitle "EXT 2022"]
[Source "ChessBase"]
[SourceDate "2021.10.06"]
[SourceVersion "1"]
[SourceVersionDate "2021.10.06"]
[SourceQuality "1"]

1. e4 c5 2. Nf3 d6 3. d4 cxd4 4. Nxd4 Nf6 5. Nc3 a6 6. g3 e5 7. Nde2 h6 8. Bg2 Be7 9. O-O Qc7 10. b3 b5 11. Be3 Bb7 12. f3 O-O 13. Qd2 Nc6 14. Nd5 Nxd5 15. exd5 Na5 16. Bh3 Bc8 17. Bxc8 Rfxc8 18. Rac1 Nb7 19. f4 Nc5 20. fxe5 dxe5 21. c4 b4 22. Qc2 Qd7 23. Rf5 Bd6 24. Rcf1 f6 25. Nc1 Rf8 26. Qe2 Qf7 27. Qg4 Kh7 28. Kg2 Qg6 29. Qxg6+ Kxg6 30. Bxc5 Bxc5 31. Nd3 Be7 32. g4 Kh7 33. Rc1 g6 34. Rff1 Rfd8 35. Nxe5 Bc5 36. Rxf6 Bd4 37. Re6 Re8 38. Rxe8 Rxe8 39. Nc6 Bc5 40. Rc2 Rc8 41. Ne5 Kg7 42. Nd7 Bd6 43. c5 Kf7 44. c6 Ke7 45. Re2+ Kf7 46. Re6 Bc7 47. Nc5 a5 48. d6 1-0

[Event "Montcalm op 3 2017-18"]
[Site "Quebec CAN"]
[Date "2017.11.30"]
[Round "3"]
[White "Dumont, Eric"]
[Black "Cournoyer, Dominic"]
[Result "0-1"]
[WhiteElo "1677"]
[BlackElo "1902"]
[WhiteFideId "-1"]
[WhiteFideId "-1"]
[PlyCount "92"]
[GameId "2160767908300689"]
[EventDate "2017.11.16"]
[EventType "swiss"]
[EventRounds "5"]
[EventCountry "CAN"]
[SourceTitle "EXT 2022"]
[Source "ChessBase"]
[SourceDate "2021.10.06"]
[SourceVersion "1"]
[SourceVersionDate "2021.10.06"]
[SourceQuality "1"]

1. d4 Nf6 2. Bf4 d5 3. e3 c6 4. Nd2 Bg4 5. Ngf3 e6 6. h3 Bh5 7. g4 Bg6 8. Ne5 Bd6 9. Nxg6 hxg6 10. Bxd6 Qxd6 11. Bg2 Na6 12. c3 Nc7 13. Qc2 O-O-O 14. Nf3 Nd7 15. O-O-O Qe7 16. Ne5 Nxe5 17. dxe5 Qc5 18. Rd3 Nb5 19. Rhd1 Nc7 20. Rd4 Nb5 21. Rf4 Qe7 22. Ra4 Qc7 23. f4 Qb6 24. Qe2 Kb8 25. Bf1 Qc5 26. Qe1 Qe7 27. g5 Nc7 28. Qf2 Qc5 29. Rad4 Qa5 30. Kb1 Nb5 31. R4d3 Qb6 32. Ka1 Kc8 33. Qc2 Kb8 34. Qb3 Nc7 35. Qxb6 axb6 36. c4 Kc8 37. Ra3 dxc4 38. Rxd8+ Rxd8 39. Be2 Rd2 40. Bg4 Nd5 41. Kb1 Kb8 42. e4 Nb4 43. Rc3 Rf2 44. Rf3 Rxf3 45. Bxf3 Nd3 46. Be2 Nxf4 0-1

[Event "Montcalm op 3 2017-18"]
[Site "Quebec CAN"]
[Date "2017.11.30"]
[Round "3"]
[White "Lapierre, Gaetan"]
[Black "Auger, Bertrand"]
[Result "0-1"]
[WhiteElo "1820"]
[BlackElo "1932"]
[WhiteFideId "-1"]
[WhiteFideId "-1"]
[PlyCount "118"]
[GameId "2160767908300690"]
[EventDate "2017.11.16"]
[EventType "swiss"]
[EventRounds "5"]
[EventCountry "CAN"]
[SourceTitle "EXT 2022"]
[Source "ChessBase"]
[SourceDate "2021.10.06"]
[SourceVersion "1"]
[SourceVersionDate "2021.10.06"]
[SourceQuality "1"]

1. d4 Nf6 2. c4 e6 3. Nc3 Bb4 4. Bd2 O-O 5. Nf3 b6 6. g3 Bb7 7. Bg2 c5 8. O-O Na6 9. a3 Bxc3 10. Bxc3 Ne4 11. Qc2 f5 12. e3 Rc8 13. Nd2 cxd4 14. Nxe4 fxe4 15. exd4 Rxc4 16. Bxe4 Bxe4 17. Qxe4 Qa8 18. Qe2 Qc8 19. d5 Rf7 20. dxe6 dxe6 21. Rad1 Rc6 22. Qd3 Nc5 23. Qd8+ Qxd8 24. Rxd8+ Rf8 25. Rxf8+ Kxf8 26. Rd1 Ne4 27. Be5 Rc2 28. Re1 Nd2 29. Kg2 Nc4 30. b3 Nxe5 31. Rxe5 Ke7 32. Re3 Kd6 33. Rd3+ Ke7 34. h4 h6 35. Kf3 Ra2 36. b4 Rb2 37. Ke3 Ra2 38. f4 Rg2 39. Kf3 Rb2 40. Kg4 a5 41. bxa5 bxa5 42. Re3 Rb5 43. Re5 Rd5 44. Rxd5 exd5 45. Kf5 Kd6 46. g4 Kc5 47. g5 h5 48. Ke5 d4 49. Ke4 Kc4 50. f5 d3 51. Ke3 Kc3 52. f6 gxf6 53. g6 d2 54. g7 d1=Q 55. g8=Q Qe1+ 56. Kf3 Qh1+ 57. Ke2 Qe4+ 58. Kf2 Qxh4+ 59. Kf1 Qc4+ 0-1

[Event "Montcalm op 3 2017-18"]
[Site "Quebec CAN"]
[Date "2017.11.30"]
[Round "3"]
[White "Lessard, Claude"]
[Black "Gaulin, Gaetan"]
[Result "1-0"]
[WhiteElo "2121"]
[BlackElo "1956"]
[WhiteFideId "-1"]
[WhiteFideId "-1"]
[PlyCount "71"]
[GameId "2160767908300691"]
[EventDate "2017.11.16"]
[EventType "swiss"]
[EventRounds "5"]
[EventCountry "CAN"]
[SourceTitle "EXT 2022"]
[Source "ChessBase"]
[SourceDate "2021.10.06"]
[SourceVersion "1"]
[SourceVersionDate "2021.10.06"]
[SourceQuality "1"]

1. e4 c6 2. d4 d5 3. Nc3 dxe4 4. Nxe4 Nf6 5. Ng5 h6 6. N5f3 Bf5 7. Bd3 Bxd3 8. Qxd3 Nbd7 9. Ne2 e6 10. Bf4 Bb4+ 11. c3 Be7 12. h3 a5 13. O-O O-O 14. Rfe1 Re8 15. c4 Qb6 16. Nc3 Qa6 17. Rad1 Rad8 18. a3 Bf8 19. Bc7 Rc8 20. Bg3 a4 21. Be5 Red8 22. Qe2 Nxe5 23. dxe5 Nd7 24. Ne4 Nc5 25. Nd6 Rb8 26. g4 Rd7 27. g5 h5 28. g6 fxg6 29. Nh4 Rbd8 30. Nxg6 Bxd6 31. exd6 Qb6 32. Qxh5 Rxd6 33. Qh8+ Kf7 34. Ne5+ Kf6 35. Qh4+ g5 36. Qh6+ 1-0

[Event "Montcalm op 3 2017-18"]
[Site "Quebec CAN"]
[Date "2017.12.07"]
[Round "4"]
[White "Auger, Bertrand"]
[Black "Chouinard, Etienne"]
[Result "1/2-1/2"]
[WhiteElo "1932"]
[BlackElo "1903"]
[WhiteFideId "-1"]
[WhiteFideId "-1"]
[PlyCount "112"]
[GameId "2160767908300692"]
[EventDate "2017.11.16"]
[EventType "swiss"]
[EventRounds "5"]
[EventCountry "CAN"]
[SourceTitle "EXT 2022"]
[Source "ChessBase"]
[SourceDate "2021.10.06"]
[SourceVersion "1"]
[SourceVersionDate "2021.10.06"]
[SourceQuality "1"]

1. Nf3 d5 2. g3 Bf5 3. Bg2 Nf6 4. c4 e6 5. O-O c6 6. b3 Nbd7 7. d3 Be7 8. Bb2 O-O 9. Nbd2 Nb6 10. Qc2 Rc8 11. Rac1 Nfd7 12. Rfd1 Bg6 13. Qb1 Bf6 14. c5 Na8 15. b4 b6 16. Nb3 bxc5 17. Nxc5 Nxc5 18. Rxc5 Be7 19. Rc2 Qb6 20. Qa1 f6 21. Bd4 Qxb4 22. Rb2 Qa4 23. Rb7 Rc7 24. Rdb1 c5 25. Be3 Qc6 26. Rxc7 Qxc7 27. Rc1 Qa5 28. Nd2 d4 29. Nc4 Qa6 30. Bd2 Nb6 31. Na5 Nd5 32. Rb1 Bd8 33. Nb7 Bb6 34. Bxd5 exd5 35. Nd6 c4 36. a4 c3 37. Bf4 Be8 38. Qa2 Qxa4 39. Qxd5+ Bf7 40. Nxf7 Rxf7 41. Qa8+ Rf8 42. Qd5+ Kh8 43. Rb5 Qd1+ 44. Kg2 Qxe2 45. Bd6 Rg8 46. Qf7 c2 47. Bf8 Qg4 48. Ba3 Qg6 49. Qc4 Qe8 50. Rb4 Qa8+ 51. f3 Rc8 52. Qa2 Qc6 53. Rc4 Qe8 54. Qxc2 Rxc4 55. Qxc4 h6 56. Qc2 Qd7 1/2-1/2

[Event "Montcalm op 3 2017-18"]
[Site "Quebec CAN"]
[Date "2017.12.07"]
[Round "4"]
[White "Cournoyer, Dominic"]
[Black "Lessard, Claude"]
[Result "0-1"]
[WhiteElo "1902"]
[BlackElo "2121"]
[WhiteFideId "-1"]
[WhiteFideId "-1"]
[PlyCount "44"]
[GameId "2160767908300693"]
[EventDate "2017.11.16"]
[EventType "swiss"]
[EventRounds "5"]
[EventCountry "CAN"]
[SourceTitle "EXT 2022"]
[Source "ChessBase"]
[SourceDate "2021.10.06"]
[SourceVersion "1"]
[SourceVersionDate "2021.10.06"]
[SourceQuality "1"]

1. Nf3 Nf6 2. g3 g6 3. Bg2 d6 4. d4 c5 5. O-O cxd4 6. Nxd4 Bg7 7. c3 O-O 8. Nd2 Nbd7 9. N2f3 Nc5 10. Nb3 Na4 11. Nbd4 Bd7 12. Qc2 Rc8 13. Bg5 h6 14. Bxf6 Bxf6 15. Qd2 Bg7 16. Rad1 Qc7 17. b3 Nxc3 18. Rc1 e5 19. Nc2 Nxa2 20. Ra1 Nc3 21. Na3 e4 22. Ne1 e3 0-1

[Event "Montcalm op 3 2017-18"]
[Site "Quebec CAN"]
[Date "2017.12.07"]
[Round "4"]
[White "Garcia-Casillas, Carlos"]
[Black "Sarra-Bournet, Marc"]
[Result "0-1"]
[WhiteElo "1802"]
[BlackElo "1863"]
[WhiteFideId "-1"]
[WhiteFideId "-1"]
[PlyCount "92"]
[GameId "2160767908300694"]
[EventDate "2017.11.16"]
[EventType "swiss"]
[EventRounds "5"]
[EventCountry "CAN"]
[SourceTitle "EXT 2022"]
[Source "ChessBase"]
[SourceDate "2021.10.06"]
[SourceVersion "1"]
[SourceVersionDate "2021.10.06"]
[SourceQuality "1"]

1. e4 e5 2. Nf3 Nc6 3. Bb5 a6 4. Ba4 Nf6 5. d3 b5 6. Bb3 Be7 7. O-O O-O 8. Re1 d6 9. c3 Bg4 10. Nbd2 Na5 11. Bc2 c5 12. Nf1 d5 13. Qe2 d4 14. h3 Bxf3 15. Qxf3 Nc6 16. a4 b4 17. c4 h6 18. Ng3 Nh7 19. Nf5 Ng5 20. Qg3 Kh7 21. h4 Ne6 22. Bd1 Bf6 23. Qg4 Ne7 24. Bf3 Rb8 25. Nxe7 Qxe7 26. g3 g6 27. Kg2 Ng7 28. Qh3 Rg8 29. Rh1 Rb6 30. g4 Ne6 31. g5 Bg7 32. b3 Rh8 33. h5 Nxg5 34. hxg6+ Rxg6 35. Qf5 Nxf3+ 36. Kxf3 Kg8 37. Ke2 Bf6 38. Qc8+ Kg7 39. Qxa6 Bh4 40. Qb5 Bxf2 41. Bd2 Be3 42. Bxe3 dxe3 43. Rag1 Qd6 44. Rxg6+ Qxg6 45. Ra1 Qg3 46. Qxc5 Qf2+ 0-1

[Event "Montcalm op 3 2017-18"]
[Site "Quebec CAN"]
[Date "2017.12.07"]
[Round "4"]
[White "Gaulin, Gaetan"]
[Black "Dube, Dominic"]
[Result "0-1"]
[WhiteElo "1956"]
[BlackElo "1832"]
[WhiteFideId "-1"]
[WhiteFideId "-1"]
[PlyCount "84"]
[GameId "2160767908300695"]
[EventDate "2017.11.16"]
[EventType "swiss"]
[EventRounds "5"]
[EventCountry "CAN"]
[SourceTitle "EXT 2022"]
[Source "ChessBase"]
[SourceDate "2021.10.06"]
[SourceVersion "1"]
[SourceVersionDate "2021.10.06"]
[SourceQuality "1"]

1. Nf3 c6 2. c4 d5 3. e3 Nf6 4. Nc3 e6 5. d4 Be7 6. Bd3 dxc4 7. Bxc4 Nbd7 8. O-O Nb6 9. Bb3 O-O 10. Qe2 Nfd5 11. e4 Nb4 12. a3 Na6 13. Rd1 Qc7 14. Be3 Kh8 15. Rac1 f5 16. exf5 exf5 17. Ne5 Bf6 18. f4 Bd7 19. Nf7+ Rxf7 20. Bxf7 Be8 21. Ba2 Bf7 22. b4 Re8 23. Kf2 Bxa2 24. Qxa2 Qe7 25. Re1 Qd6 26. Rcd1 Nc7 27. Qf7 Rf8 28. Qb3 Nbd5 29. Nxd5 Nxd5 30. g3 h5 31. Bc1 h4 32. Bb2 g5 33. fxg5 Bxg5 34. Kg1 Rg8 35. Qf3 Qh6 36. Kf2 hxg3+ 37. hxg3 Qh2+ 38. Qg2 Be3+ 39. Kf1 Qh6 40. Qf3 Qh3+ 41. Ke2 Rxg3 42. Qh1 Nf4# 0-1

[Event "Montcalm op 3 2017-18"]
[Site "Quebec CAN"]
[Date "2017.12.07"]
[Round "4"]
[White "Pare, Marc"]
[Black "Perreault, Jacquelin"]
[Result "1-0"]
[WhiteElo "1997"]
[BlackElo "1847"]
[WhiteFideId "-1"]
[WhiteFideId "-1"]
[PlyCount "59"]
[GameId "2160767908300696"]
[EventDate "2017.11.16"]
[EventType "swiss"]
[EventRounds "5"]
[EventCountry "CAN"]
[SourceTitle "EXT 2022"]
[Source "ChessBase"]
[SourceDate "2021.10.06"]
[SourceVersion "1"]
[SourceVersionDate "2021.10.06"]
[SourceQuality "1"]

1. e4 c5 2. c3 Nf6 3. e5 Nd5 4. d4 cxd4 5. Qxd4 e6 6. Bd3 Nc6 7. Qe4 d6 8. f4 g6 9. Nf3 Bg7 10. Nbd2 Qc7 11. Nc4 Nxc3 12. bxc3 d5 13. Qe2 dxc4 14. Bxc4 O-O 15. O-O Rd8 16. Bd3 Bd7 17. Ng5 Ne7 18. Ne4 Bc6 19. Ba3 Bxe4 20. Bxe4 Nd5 21. Rac1 Bf8 22. Bxf8 Kxf8 23. c4 Ne7 24. Qf3 Nc6 25. Rb1 Nd4 26. Qh3 Kg8 27. Rxb7 Qxc4 28. Rxf7 Kxf7 29. Qxh7+ Ke8 30. Bxg6+ 1-0

[Event "Montcalm op 3 2017-18"]
[Site "Quebec CAN"]
[Date "2017.12.14"]
[Round "5"]
[White "Auger, Bertrand"]
[Black "Pare, Marc"]
[Result "0-1"]
[WhiteElo "1932"]
[BlackElo "1997"]
[WhiteFideId "-1"]
[WhiteFideId "-1"]
[PlyCount "100"]
[GameId "2160767908300697"]
[EventDate "2017.11.16"]
[EventType "swiss"]
[EventRounds "5"]
[EventCountry "CAN"]
[SourceTitle "EXT 2022"]
[Source "ChessBase"]
[SourceDate "2021.10.06"]
[SourceVersion "1"]
[SourceVersionDate "2021.10.06"]
[SourceQuality "1"]

1. Nf3 Nf6 2. g3 d5 3. Bg2 c6 4. O-O Nbd7 5. d4 Ne4 6. Nbd2 f5 7. c4 e6 8. Qb3 Be7 9. cxd5 exd5 10. Nxe4 fxe4 11. Nd2 Bf6 12. e3 Qb6 13. f3 exf3 14. Rxf3 O-O 15. Ne4 Qxb3 16. Nxf6+ Nxf6 17. axb3 a6 18. h3 Be6 19. Bd2 Ne4 20. Rxf8+ Rxf8 21. Bb4 Rf7 22. g4 h5 23. gxh5 Ng3 24. Be1 Nxh5 25. Bh4 Bf5 26. Rf1 g6 27. b4 Ng7 28. Bg3 Ne6 29. h4 Rh7 30. Ra1 Ng7 31. b5 Bd3 32. bxc6 bxc6 33. Bh3 Bb5 34. Kf2 Nh5 35. Be5 Kf7 36. Bf1 Nf6 37. Bxb5 axb5 38. Ra7+ Ke6 39. Rxh7 Nxh7 40. b4 Kf5 41. Kf3 Nf6 42. Bf4 Nd7 43. Bh6 Nf6 44. Bg7 Ne4 45. Bf8 g5 46. hxg5 Nxg5+ 47. Ke2 Ke4 48. Bh6 Ne6 49. Kf2 Kd3 50. Kf3 Kc3 0-1

[Event "Montcalm op 3 2017-18"]
[Site "Quebec CAN"]
[Date "2017.12.14"]
[Round "5"]
[White "Chouinard, Etienne"]
[Black "Lapierre, Gaetan"]
[Result "1-0"]
[WhiteElo "1903"]
[BlackElo "1820"]
[WhiteFideId "-1"]
[WhiteFideId "-1"]
[PlyCount "71"]
[GameId "2160767908300698"]
[EventDate "2017.11.16"]
[EventType "swiss"]
[EventRounds "5"]
[EventCountry "CAN"]
[SourceTitle "EXT 2022"]
[Source "ChessBase"]
[SourceDate "2021.10.06"]
[SourceVersion "1"]
[SourceVersionDate "2021.10.06"]
[SourceQuality "1"]

1. d4 d5 2. c4 c6 3. Nc3 Nf6 4. Nf3 e6 5. cxd5 exd5 6. Bg5 Be7 7. e3 h6 8. Bh4 Bf5 9. Bd3 Bxd3 10. Qxd3 O-O 11. O-O Nbd7 12. Bg3 Ne8 13. Ne5 Nxe5 14. Bxe5 Bd6 15. Qf5 f6 16. Bf4 Bxf4 17. Qxf4 f5 18. h4 Qf6 19. Na4 Nd6 20. Nc5 Rf7 21. g3 g5 22. hxg5 hxg5 23. Qf3 Ne4 24. Nxe4 dxe4 25. Qd1 Rh7 26. Kg2 f4 27. exf4 gxf4 28. f3 fxg3 29. fxe4 Rh2+ 30. Kg1 Qh6 31. Qf3 g2 32. Qg3+ Kh8 33. Qxh2 gxf1=Q+ 34. Rxf1 Rg8+ 35. Kh1 Qxh2+ 36. Kxh2 1-0

[Event "Montcalm op 3 2017-18"]
[Site "Quebec CAN"]
[Date "2017.12.14"]
[Round "5"]
[White "Perreault, Jacquelin"]
[Black "Cummins, Paul"]
[Result "0-1"]
[WhiteElo "1847"]
[BlackElo "1786"]
[WhiteFideId "-1"]
[WhiteFideId "-1"]
[PlyCount "54"]
[GameId "2160767908300700"]
[EventDate "2017.11.16"]
[EventType "swiss"]
[EventRounds "5"]
[EventCountry "CAN"]
[SourceTitle "EXT 2022"]
[Source "ChessBase"]
[SourceDate "2021.10.06"]
[SourceVersion "1"]
[SourceVersionDate "2021.10.06"]
[SourceQuality "1"]

1. e4 e5 2. Nf3 Nc6 3. Bb5 a6 4. Ba4 Nf6 5. O-O b5 6. Bb3 Be7 7. Re1 d5 8. exd5 e4 9. Nc3 exf3 10. dxc6 O-O 11. Qxf3 Re8 12. Nd5 Bg4 13. Nxf6+ Bxf6 14. Rxe8+ Qxe8 15. Qe3 Qxc6 16. h3 Re8 17. Bd5 Qd7 18. Be4 Bd4 19. Qd3 f5 20. c3 Rxe4 21. cxd4 Re1+ 22. Kh2 Bh5 23. b3 Qd6+ 24. g3 Qd5 25. g4 Qh1+ 26. Kg3 fxg4 27. hxg4 Qg1+ 0-1

[Event "Montcalm op 3 2017-18"]
[Site "Quebec CAN"]
[Date "2017.12.14"]
[Round "5"]
[White "Sarra-Bournet, Marc"]
[Black "Cournoyer, Dominic"]
[Result "0-1"]
[WhiteElo "1863"]
[BlackElo "1902"]
[WhiteFideId "-1"]
[WhiteFideId "-1"]
[PlyCount "67"]
[GameId "2160767908300701"]
[EventDate "2017.11.16"]
[EventType "swiss"]
[EventRounds "5"]
[EventCountry "CAN"]
[SourceTitle "EXT 2022"]
[Source "ChessBase"]
[SourceDate "2021.10.06"]
[SourceVersion "1"]
[SourceVersionDate "2021.10.06"]
[SourceQuality "1"]

1. e4 d5 2. exd5 Qxd5 3. Nc3 Qa5 4. d4 Nf6 5. Nf3 Bg4 6. h3 Bh5 7. Bd2 c6 8. g4 Bg6 9. Ne5 Qb6 10. Nxg6 hxg6 11. g5 Nd5 12. Qg4 e6 13. O-O-O Nd7 14. Nxd5 cxd5 15. Bg2 Bd6 16. Rhe1 Qc6 17. Re3 Nb6 18. Rde1 Qd7 19. Ba5 O-O 20. Rb3 Nc4 21. Bd2 Nxd2 22. Kxd2 Qa4 23. a3 Rac8 24. Ree3 Rc4 25. Red3 Bc5 26. Qg3 Bxd4 27. Bf1 Rfc8 28. Rxb7 Rxc2+ 29. Kd1 Rxb2+ 30. Rdb3 Bb6 31. Rb8 Rxb8 32. Qxb8+ Kh7 33. Kc1 Qxb3 34. Bd3 0-1

[Event "Montcalm op 4 2016-17"]
[Site "Quebec CAN"]
[Date "2017.01.12"]
[Round "1"]
[White "Beaudoin, Stephane"]
[Black "Auger, Bertrand"]
[Result "1/2-1/2"]
[WhiteElo "2105"]
[BlackElo "2008"]
[WhiteFideId "-1"]
[WhiteFideId "-1"]
[PlyCount "79"]
[GameId "2160767908474881"]
[EventDate "2017.01.12"]
[EventType "swiss"]
[EventRounds "5"]
[EventCountry "CAN"]
[SourceTitle "EXT 2022"]
[Source "ChessBase"]
[SourceDate "2021.10.06"]
[SourceVersion "1"]
[SourceVersionDate "2021.10.06"]
[SourceQuality "1"]

1. e4 e6 2. d4 d5 3. Nc3 dxe4 4. Nxe4 Bd7 5. Nf3 Bc6 6. Bd3 Nd7 7. O-O Ngf6 8. Qe2 Bxe4 9. Bxe4 Nxe4 10. Qxe4 c6 11. c4 Nf6 12. Qc2 Be7 13. Bg5 O-O 14. Rfd1 Qc7 15. Rd3 h6 16. Bh4 Rfe8 17. Rad1 Rad8 18. Qb3 Nd7 19. Bg3 Qb6 20. Qc2 Rc8 21. Nd2 c5 22. Rb3 Qc6 23. d5 exd5 24. cxd5 Qa4 25. Qb1 c4 26. Rxb7 Nc5 27. b3 Qa6 28. Rxe7 Rxe7 29. d6 Re2 30. Nxc4 Rxa2 31. h3 Nd7 32. Kh2 Re2 33. Qf5 Re6 34. Rd4 Rc5 35. Qf3 Qc6 36. Qd1 Re4 37. Rd3 h5 38. h4 a5 39. Nd2 Re6 40. Nf3 1/2-1/2

[Event "Montcalm op 4 2016-17"]
[Site "Quebec CAN"]
[Date "2017.01.12"]
[Round "1"]
[White "Cournoyer, Dominic"]
[Black "Pare, Marc"]
[Result "1-0"]
[WhiteElo "1923"]
[BlackElo "2055"]
[WhiteFideId "-1"]
[WhiteFideId "-1"]
[PlyCount "51"]
[GameId "2160767908474882"]
[EventDate "2017.01.12"]
[EventType "swiss"]
[EventRounds "5"]
[EventCountry "CAN"]
[SourceTitle "EXT 2022"]
[Source "ChessBase"]
[SourceDate "2021.10.06"]
[SourceVersion "1"]
[SourceVersionDate "2021.10.06"]
[SourceQuality "1"]

1. c4 Nf6 2. Nc3 e6 3. Nf3 b6 4. g3 Bb7 5. Bg2 Be7 6. O-O O-O 7. b3 c5 8. Bb2 d5 9. cxd5 exd5 10. d4 Nbd7 11. dxc5 Nxc5 12. Nd4 Qd7 13. Rc1 a6 14. b4 Nce4 15. a3 b5 16. Nxe4 Nxe4 17. Nb3 Qe6 18. Rc7 Bc8 19. Qd3 Bd6 20. Qd4 f6 21. Bxe4 dxe4 22. Nc5 Bxc5 23. Qxc5 Re8 24. Rc1 Qb3 25. Bxf6 gxf6 26. Qh5 1-0

[Event "Montcalm op 4 2016-17"]
[Site "Quebec CAN"]
[Date "2017.01.12"]
[Round "1"]
[White "Dube, Daniel"]
[Black "Fillion, Jean-Yves"]
[Result "1-0"]
[WhiteElo "1838"]
[BlackElo "1324"]
[WhiteFideId "-1"]
[WhiteFideId "-1"]
[PlyCount "59"]
[GameId "2160767908474883"]
[EventDate "2017.01.12"]
[EventType "swiss"]
[EventRounds "5"]
[EventCountry "CAN"]
[SourceTitle "EXT 2022"]
[Source "ChessBase"]
[SourceDate "2021.10.06"]
[SourceVersion "1"]
[SourceVersionDate "2021.10.06"]
[SourceQuality "1"]

1. e4 e5 2. Nf3 Nc6 3. d4 exd4 4. Nxd4 Nxd4 5. Qxd4 d6 6. Nc3 c5 7. Qd1 Nf6 8. Be2 Be7 9. O-O O-O 10. a4 a6 11. Bf3 Be6 12. Qe2 Qd7 13. Rd1 Ng4 14. Bxg4 Bxg4 15. f3 Be6 16. Be3 f5 17. Bxc5 Qc7 18. Bd4 f4 19. a5 Bc4 20. Qf2 Bf6 21. Bxf6 Rxf6 22. Nd5 Bxd5 23. Rxd5 Rd8 24. Rad1 h6 25. Qb6 Qe7 26. e5 Re6 27. Rxd6 Rexd6 28. Rxd6 Rxd6 29. Qxd6 Kf7 30. c4 1-0

[Event "Montcalm op 4 2016-17"]
[Site "Quebec CAN"]
[Date "2017.01.12"]
[Round "1"]
[White "Dumont, Eric"]
[Black "Dube, Dominic"]
[Result "0-1"]
[WhiteElo "1712"]
[BlackElo "1898"]
[WhiteFideId "-1"]
[WhiteFideId "-1"]
[PlyCount "74"]
[GameId "2160767908474884"]
[EventDate "2017.01.12"]
[EventType "swiss"]
[EventRounds "5"]
[EventCountry "CAN"]
[SourceTitle "EXT 2022"]
[Source "ChessBase"]
[SourceDate "2021.10.06"]
[SourceVersion "1"]
[SourceVersionDate "2021.10.06"]
[SourceQuality "1"]

1. d4 d5 2. Bf4 Bf5 3. Nf3 e6 4. e3 Nf6 5. Nbd2 Be7 6. h3 h6 7. c4 c5 8. cxd5 exd5 9. dxc5 Bxc5 10. Bb5+ Bd7 11. Bd3 O-O 12. Ne5 Be6 13. O-O Nbd7 14. Ndf3 Qb6 15. Qe2 Ne4 16. Nxd7 Bxd7 17. Ne5 Be6 18. Rac1 Nf6 19. Rc2 a5 20. Rfc1 Rfc8 21. Qf3 d4 22. Bc4 dxe3 23. Bxe3 Bxe3 24. Bxe6 Bxf2+ 25. Qxf2 Qxe6 26. Nc4 Rc6 27. b3 Nd5 28. Qd4 Nb4 29. Rf2 b5 30. Rcf1 bxc4 31. Rxf7 Qg6 32. Qd7 cxb3 33. axb3 Rac8 34. Qe7 R6c7 35. Rf8+ Kh7 36. Qe5 Rc2 37. R8f2 Rxf2 0-1

[Event "Montcalm op 4 2016-17"]
[Site "Quebec CAN"]
[Date "2017.01.12"]
[Round "1"]
[White "Lamontagne, Danny"]
[Black "Tremblay, Charles"]
[Result "1/2-1/2"]
[WhiteElo "1917"]
[BlackElo "1715"]
[WhiteFideId "-1"]
[WhiteFideId "-1"]
[PlyCount "81"]
[GameId "2160767908474885"]
[EventDate "2017.01.12"]
[EventType "swiss"]
[EventRounds "5"]
[EventCountry "CAN"]
[SourceTitle "EXT 2022"]
[Source "ChessBase"]
[SourceDate "2021.10.06"]
[SourceVersion "1"]
[SourceVersionDate "2021.10.06"]
[SourceQuality "1"]

1. e4 c5 2. c3 Nc6 3. d4 cxd4 4. cxd4 d6 5. Nc3 Nf6 6. h3 g6 7. Nf3 Bg7 8. Be3 O-O 9. Be2 b6 10. O-O Bb7 11. d5 Nb8 12. Rc1 Nbd7 13. Nd4 Nc5 14. f3 Rc8 15. Ncb5 a6 16. Na7 Rc7 17. b4 Ncd7 18. Nac6 Qe8 19. Nxe7+ Qxe7 20. Rxc7 Nxd5 21. Rxd7 Qxd7 22. exd5 Bxd5 23. Bxa6 Qe7 24. Re1 Ra8 25. Bf2 Qg5 26. h4 Qf4 27. Ne2 Qxb4 28. Qxd5 Rxa6 29. Ng3 Ra5 30. Qc6 Be5 31. Qe8+ Kg7 32. Ne4 h6 33. Qe7 Rxa2 34. f4 Rxf2 35. Kxf2 Bd4+ 36. Ke2 Qc4+ 37. Kd1 Qb3+ 38. Ke2 Qe3+ 39. Kd1 Qb3+ 40. Ke2 Qe3+ 41. Kd1 1/2-1/2